[Event "Aeroflot Open 2015"]
[Site "Moscow RUS"]
[Date "2015.04.02"]
[Round "7"]
[White "Dubov, Daniil"]
[Black "Nepomniachtchi, Ian"]
[Result "1/2-1/2"]
[WhiteElo "2627"]
[BlackElo "2714"]
[PlyCount "25"]
[EventDate "2015.03.27"]

1. Nf3 g6 2. g3 Bg7 3. Bg2 d5 4. O-O e5 5. c4 c6 6. Qa4 Ne7 7. cxd5 Nxd5 8. Nc3
O-O 9. d3 h6 10. Bd2 Be6 11. Rfc1 Nd7 12. Nxd5 Bxd5 13. Bc3 1/2-1/2

[Event "Aeroflot Open 2015"]
[Site "Moscow RUS"]
[Date "2015.04.02"]
[Round "7"]
[White "Rapport, Richard"]
[Black "Khalifman, Alexander"]
[Result "1/2-1/2"]
[WhiteElo "2709"]
[BlackElo "2613"]
[PlyCount "147"]
[EventDate "2015.03.27"]

1. b3 g6 2. Bb2 Nf6 3. c4 Bg7 4. g3 c5 5. Bg2 Nc6 6. Nc3 O-O 7. d3 e6 8. Bxc6
bxc6 9. f4 e5 10. fxe5 Ng4 11. Nf3 Nxe5 12. Qd2 Nxf3+ 13. exf3 Re8+ 14. Kf2
Bd4+ 15. Kg2 Be3 16. Qc2 d5 17. Rhe1 Bf5 18. cxd5 cxd5 19. g4 d4 20. Nd1 Bxg4
21. Nxe3 Bxf3+ 22. Kxf3 dxe3 23. Qc4 Qd7 24. Kg2 Rad8 25. Re2 Qc6+ 26. Kg1 Rd5
27. Qh4 Rxd3 28. Qf6 Qxf6 29. Bxf6 Re6 30. Rf1 h6 31. Bb2 f5 32. Kg2 Re4 33.
Rc1 g5 34. h3 f4 35. Kf3 Re6 36. Rxc5 Rd1 37. h4 Rg1 38. hxg5 hxg5 39. Rg2 Rxg2
40. Kxg2 e2 41. Rxg5+ Kf7 42. Bc3 e1=Q 43. Bxe1 Rxe1 44. Kf3 Kf6 45. Ra5 Re7
46. Kxf4 Rb7 47. Ra6+ Ke7 48. Rh6 Kd8 49. Rh8+ Kc7 50. Rh7+ Kb6 51. Rxb7+ Kxb7
52. Ke5 Kc6 53. Kd4 Kb5 54. a3 Kb6 55. Kd5 Kb5 56. Kd6 Kb6 57. a4 Kb7 58. Kd7
Kb8 59. Kc6 Kc8 60. Kc5 Kc7 61. Kb5 Kb7 62. Ka5 Kb8 63. Kb4 Kc8 64. Kc5 Kc7 65.
b4 Kb7 66. Kd6 Kb6 67. Kd7 Kb7 68. a5 Kb8 69. Kc6 Kc8 70. b5 Kb8 71. b6 axb6
72. axb6 Kc8 73. b7+ Kb8 74. Kb6 1/2-1/2

[Event "Aeroflot Open 2015"]
[Site "Moscow RUS"]
[Date "2015.04.02"]
[Round "7"]
[White "Shimanov, Aleksandr"]
[Black "Korobov, Anton"]
[Result "0-1"]
[WhiteElo "2594"]
[BlackElo "2694"]
[PlyCount "88"]
[EventDate "2015.03.27"]

1. c4 g6 2. d4 Bg7 3. e4 c5 4. d5 d6 5. Nc3 e6 6. Bd3 exd5 7. cxd5 Nf6 8. h3
O-O 9. Nf3 a6 10. O-O b5 11. a3 Re8 12. Re1 Nbd7 13. Bf4 c4 14. Bc2 Nc5 15. Qd2
Bb7 16. Rad1 Qb6 17. Be3 Nfd7 18. Bd4 Bxd4 19. Qxd4 f6 20. h4 Ne5 21. Nh2 Ncd7
22. Qd2 a5 23. a4 b4 24. Nb5 Ba6 25. Nd4 Nd3 26. Ne6 Nxe1 27. Rxe1 Ne5 28. Kh1
c3 29. bxc3 bxc3 30. Qf4 Bd3 31. Qxf6 Ra7 32. Rb1 Qxb1+ 33. Bxb1 Bxb1 34. Nd4
c2 35. Nxc2 Bxc2 36. f4 Rf7 37. Qg5 Rb7 38. Kg1 Rb1+ 39. Kf2 Nf7 40. Qf6 Bxe4
41. Ng4 Bf5 42. Ne3 Rb4 43. g3 Nh6 44. h5 Ng4+ 0-1

[Event "Aeroflot Open 2015"]
[Site "Moscow RUS"]
[Date "2015.04.02"]
[Round "7"]
[White "Bogdanovich, Stanislav"]
[Black "Mamedyarov, Shakhriyar"]
[Result "0-1"]
[WhiteElo "2581"]
[BlackElo "2756"]
[PlyCount "110"]
[EventDate "2015.03.27"]

1. d4 Nf6 2. c4 e6 3. Nf3 d5 4. Nc3 Bb4 5. Bg5 Nbd7 6. Rc1 dxc4 7. Qa4 c5 8.
dxc5 Qa5 9. Qxa5 Bxa5 10. Nd2 Nxc5 11. Bxf6 gxf6 12. Nxc4 Bxc3+ 13. Rxc3 Ke7
14. g3 Bd7 15. Bg2 Rac8 16. Ne3 b5 17. b3 a5 18. Kd2 b4 19. Rc2 a4 20. Rhc1
axb3 21. Rxc5 bxa2 22. Rxc8 Rxc8 23. Ra1 b3 24. Be4 f5 25. Bb1 Bb5 26. Bxa2 Ra8
27. Kc3 bxa2 28. Kb3 Bxe2 29. Rxa2 Rxa2 30. Kxa2 Kd6 31. Kb3 Ke5 32. Ng2 Ke4
33. Ne1 f4 34. Kc3 fxg3 35. hxg3 e5 36. Kd2 Bg4 37. Nc2 Kf3 38. Ke1 Bh3 39. Ne3
h5 40. Nc4 f6 41. Nd2+ Kg2 42. Ke2 Bg4+ 43. Ke1 Be6 44. Ne4 f5 45. Nc5 Bf7 46.
Nd7 e4 47. Ne5 f4 48. gxf4 h4 49. Ng4 h3 50. f5 Kg1 51. f6 Be6 52. Kd2 Bxg4 53.
f7 h2 54. f8=Q h1=Q 55. Qf4 Qf3 0-1

[Event "The USA Championship 2015"]
[Site "Saint Louis USA"]
[Date "2015.04.02"]
[Round "2"]
[White "Shankland, Samuel L"]
[Black "So, Wesley"]
[Result "0-1"]
[WhiteElo "2661"]
[BlackElo "2788"]
[PlyCount "184"]
[EventDate "2015.04.01"]

1. e4 e5 2. Nf3 Nc6 3. Bb5 Nf6 4. d3 Bc5 5. c3 O-O 6. O-O d6 7. Nbd2 a6 8. Ba4
Ba7 9. h3 Ne7 10. Re1 c5 11. Nf1 h6 12. Ng3 b5 13. Bc2 Ng6 14. d4 Bb7 15. Be3
Re8 16. d5 c4 17. Bxa7 Rxa7 18. b3 Qc7 19. bxc4 Qxc4 20. a4 Qxc3 21. axb5 Qc5
22. Qb1 axb5 23. Rxa7 Qxa7 24. Qxb5 Rc8 25. Bd3 Nf4 26. Qb3 Ba6 27. Bxa6 Qxa6
28. Nf5 Kh7 29. Qb4 Rd8 30. Qd2 Rb8 31. Qc2 Rc8 32. Qd2 Rc4 33. Ng3 Qc8 34. Nh2
Rd4 35. Qe3 Rd3 36. Qa7 Qc3 37. Re3 Rxe3 38. Qxe3 Qxe3 39. fxe3 Nd3 40. Nf3 Nc5
41. Nd2 g5 42. Kf2 Kg6 43. Kf3 h5 44. h4 gxh4 45. Nf5 Nxd5 46. Nxd6 Nc3 47. Nf5
Kg5 48. Nd6 Kf6 49. Nf5 Ne6 50. Nxh4 Ng5+ 51. Kg3 Ngxe4+ 52. Nxe4+ Nxe4+ 53.
Kf3 Nd2+ 54. Ke2 Kg5 55. g3 Ne4 56. Kf3 Nd2+ 57. Ke2 Ne4 58. Kf3 f5 59. Kg2 Nd2
60. Kf2 Kg4 61. Ng6 Nc4 62. Ne7 Nb2 63. Nd5 Nd3+ 64. Kg2 Kg5 65. Kf3 Nc5 66.
Kg2 Ne4 67. Kh3 Nf6 68. Ne7 Ng4 69. Nd5 Kg6 70. Kh4 Kh6 71. Kh3 Kg7 72. Kh4 Kg6
73. Kh3 Kf7 74. Kh4 Ke6 75. Nc7+ Kd6 76. Ne8+ Kd5 77. Kxh5 Nxe3 78. Kg5 Ke4 79.
Kf6 Kd4 80. Kg5 e4 81. Nd6 Kd3 82. Kh5 Kd4 83. Kg5 Kd5 84. Nb5 Kc5 85. Nc3 Kd4
86. Nb5+ Ke5 87. Na3 Nd5 88. Nc4+ Ke6 89. Nd2 Ke5 90. Nc4+ Ke6 91. Nd2 Nf6 92.
g4 Nxg4 0-1

[Event "The USA Championship 2015"]
[Site "Saint Louis USA"]
[Date "2015.04.02"]
[Round "2"]
[White "Robson, Ray"]
[Black "Onischuk, Alexander"]
[Result "1/2-1/2"]
[WhiteElo "2656"]
[BlackElo "2665"]
[PlyCount "61"]
[EventDate "2015.04.01"]

1. e4 e5 2. Nf3 Nc6 3. Bb5 a6 4. Ba4 Nf6 5. O-O Be7 6. Re1 b5 7. Bb3 O-O 8. a4
Bb7 9. d3 Re8 10. Nc3 b4 11. Nd5 Na5 12. Ba2 Nxd5 13. Bxd5 Bxd5 14. exd5 d6 15.
d4 Bf6 16. Qd3 c6 17. dxc6 Nxc6 18. d5 Ne7 19. Nd2 Qa5 20. Ne4 Qxd5 21. Qxd5
Nxd5 22. Rd1 Nf4 23. Nxf6+ gxf6 24. Bxf4 exf4 25. Kf1 Rac8 26. Rac1 Rc6 27. Rd4
a5 28. Rxf4 Rec8 29. c3 bxc3 30. Rxc3 Rxc3 31. bxc3 1/2-1/2

[Event "The USA Championship 2015"]
[Site "Saint Louis USA"]
[Date "2015.04.02"]
[Round "2"]
[White "Sevian, Samuel"]
[Black "Kamsky, Gata"]
[Result "1/2-1/2"]
[WhiteElo "2531"]
[BlackElo "2683"]
[PlyCount "115"]
[EventDate "2015.04.01"]

1. e4 e5 2. Nf3 Nc6 3. Bb5 a6 4. Ba4 Nf6 5. O-O Be7 6. Re1 b5 7. Bb3 d6 8. c3
O-O 9. h3 Nb8 10. d4 Nbd7 11. Nbd2 Bb7 12. Bc2 Re8 13. Nf1 Bf8 14. Ng3 g6 15.
a4 c5 16. d5 c4 17. Bg5 h6 18. Be3 Nc5 19. Qd2 Kh7 20. Bxc5 dxc5 21. Nf1 Re7
22. Qe3 Rc8 23. g4 Ne8 24. N3h2 Qc7 25. Qg3 Bg7 26. Ne3 Nd6 27. h4 Rf8 28. Kh1
Bc8 29. Rg1 Ree8 30. Rg2 Qd8 31. g5 h5 32. Rag1 Qd7 33. Nf5 Bh8 34. Qf3 Kg8 35.
Nf1 Nxf5 36. exf5 e4 37. Bxe4 Rxe4 38. Qxe4 Re8 39. Qf3 Qxf5 40. Qxf5 Bxf5 41.
axb5 axb5 42. f3 Bd3 43. Ng3 Rd8 44. Ra1 b4 45. Ne4 Rxd5 46. Ra8+ Kh7 47. Re8
Rf5 48. Rf2 bxc3 49. bxc3 Bxe4 50. Rxe4 Bxc3 51. Rxc4 Bd4 52. Rf1 Rf4 53. Kg2
Rxh4 54. f4 Rg4+ 55. Kf3 Rh4 56. Kg3 Rg4+ 57. Kf3 Rh4 58. Kg3 1/2-1/2

[Event "The USA Championship 2015"]
[Site "Saint Louis USA"]
[Date "2015.04.02"]
[Round "2"]
[White "Gareev, Timur"]
[Black "Holt, Conrad"]
[Result "0-1"]
[WhiteElo "2604"]
[BlackElo "2530"]
[PlyCount "122"]
[EventDate "2015.04.01"]

1. d4 d5 2. c4 c6 3. cxd5 cxd5 4. Bf4 Nc6 5. e3 Nf6 6. Nc3 Bf5 7. Qb3 Na5 8.
Qa4+ Bd7 9. Qc2 e6 10. Bd3 Nc6 11. a3 Nh5 12. Be5 Rc8 13. Nf3 Nxe5 14. Nxe5 Nf6
15. f4 Bd6 16. O-O g6 17. Rf3 Qe7 18. Raf1 O-O 19. Rh3 Be8 20. Qc1 Bc7 21. Qe1
Nd7 22. Nf3 f5 23. Nb5 a6 24. Nxc7 Rxc7 25. Ng5 Nf6 26. Qa5 Bf7 27. Nf3 Rfc8
28. Ne5 Be8 29. Rhf3 Bb5 30. Bxb5 axb5 31. Qxb5 Ne4 32. Rd1 Rc2 33. Rff1 Qh4
34. Rde1 Nd2 35. Re2 Nxf1 36. Nf3 Qd8 37. Kxf1 Rxe2 38. Kxe2 Rc2+ 39. Nd2 Qc8
40. Kd3 Rc1 41. a4 Kg7 42. Qb4 Qc7 43. Ke2 Kf7 44. h3 h6 45. Qb5 Qc6 46. Qb4
Ke8 47. Kf2 g5 48. fxg5 hxg5 49. Nf3 Rc4 50. Qb3 Rc2+ 51. Kg1 g4 52. hxg4 fxg4
53. Ne1 Re2 54. Qd1 Rxe3 55. Nd3 Qc4 56. Nf4 Re4 57. g3 Qxd4+ 58. Qxd4 Rxd4 59.
Nxe6 Rxa4 60. Nc7+ Kd7 61. Nxd5 Ke6 0-1

[Event "The USA Championship 2015"]
[Site "Saint Louis USA"]
[Date "2015.04.02"]
[Round "2"]
[White "Troff, Kayden W"]
[Black "Naroditsky, Daniel"]
[Result "1-0"]
[WhiteElo "2532"]
[BlackElo "2633"]
[PlyCount "129"]
[EventDate "2015.04.01"]

1. Nf3 Nf6 2. c4 e6 3. Nc3 d5 4. d4 Bb4 5. Bg5 dxc4 6. e3 b5 7. Nd2 c6 8. a3
Be7 9. Bxf6 Bxf6 10. a4 Qb6 11. b3 cxb3 12. axb5 O-O 13. Qxb3 cxb5 14. Bxb5 Bd7
15. O-O Rc8 16. Rfc1 Nc6 17. Na4 Qa5 18. Nc3 Qb6 19. Ba6 Rcb8 20. Qxb6 Rxb6 21.
Nc4 Rbb8 22. Nb5 Rd8 23. Nbd6 Rab8 24. Nb7 Rf8 25. Nc5 Be8 26. Nd6 Nb4 27. Be2
e5 28. Nde4 exd4 29. Nxf6+ gxf6 30. exd4 Rd8 31. Ne4 Kg7 32. Ng3 Nc6 33. Rd1
Kh8 34. d5 Ne7 35. Bf3 Nc8 36. Ne4 Kg7 37. Ra6 Bb5 38. Rxf6 Ba4 39. Rd4 Bc2 40.
Rf4 Rfe8 41. h3 Bxe4 42. Bxe4 Nd6 43. Bd3 Re1+ 44. Kh2 Rd1 45. Rf3 f6 46. Rh4
f5 47. Ra4 Kf6 48. Rxa7 Re8 49. Ra6 Ke5 50. Re3+ Ne4 51. Bxe4 fxe4 52. Re6+
Rxe6 53. dxe6 Kxe6 54. Rxe4+ Kf6 55. Kg3 Kg6 56. Re6+ Kf5 57. Rh6 Rd7 58. Kh4
Rf7 59. g3 Ke4 60. f4 Kf3 61. Ra6 Kg2 62. Ra5 Rf6 63. f5 h6 64. g4 Rb6 65. Ra3
1-0

[Event "Aeroflot Open 2015"]
[Site "Moscow RUS"]
[Date "2015.04.03"]
[Round "8"]
[White "Nepomniachtchi, Ian"]
[Black "Sasikiran, Krishnan"]
[Result "1-0"]
[WhiteElo "2714"]
[BlackElo "2682"]
[PlyCount "125"]
[EventDate "2015.03.27"]

1. e4 c5 2. Nf3 d6 3. d4 cxd4 4. Nxd4 Nf6 5. Nc3 a6 6. h3 e5 7. Nde2 h5 8. g3
b5 9. Bg5 Nbd7 10. Nd5 Be7 11. Nxe7 Qxe7 12. Nc3 Bb7 13. Nd5 Bxd5 14. exd5 Qd8
15. Bg2 Qc7 16. O-O O-O 17. Qd2 a5 18. a3 Rfe8 19. Rfe1 e4 20. Qe2 Re5 21. Bxf6
Nxf6 22. Qxb5 Rxd5 23. Qa4 Re5 24. Re2 d5 25. Qd4 Re6 26. Rd1 Rc6 27. c3 a4 28.
Qe3 Rb8 29. Rd4 Rc4 30. Red2 Rxd4 31. Qxd4 Qc6 32. Bf1 Re8 33. Qe3 Nd7 34. Be2
g6 35. Rd4 Nb6 36. h4 Qc7 37. Kf1 Re6 38. Ke1 Rc6 39. Kd1 Rf6 40. Rb4 Rc6 41.
Kc2 Kh7 42. Qd4 Re6 43. Qe3 Qd6 44. Kb1 Qc7 45. Ka2 Rc6 46. Qd4 Re6 47. Bd1 e3
48. fxe3 Qd6 49. Bc2 Qc7 50. Bb1 Kg8 51. Bd3 Nd7 52. Qxd5 Rd6 53. Qb5 Kg7 54.
Rxa4 Re6 55. Rc4 Qa7 56. Rd4 Nf6 57. Qg5 Qb8 58. Qf4 Qe8 59. e4 Ng4 60. Qc7 Ne5
61. Bc2 Rf6 62. Rd8 Qe6+ 63. Bb3 1-0

[Event "Aeroflot Open 2015"]
[Site "Moscow RUS"]
[Date "2015.04.03"]
[Round "8"]
[White "Korobov, Anton"]
[Black "Khismatullin, Denis"]
[Result "1/2-1/2"]
[WhiteElo "2694"]
[BlackElo "2650"]
[PlyCount "38"]
[EventDate "2015.03.27"]

1. d4 Nf6 2. c4 e6 3. Nc3 Bb4 4. Qc2 O-O 5. a3 Bxc3+ 6. Qxc3 d5 7. Nf3 dxc4 8.
Qxc4 b6 9. Bg5 Ba6 10. Qa4 c5 11. dxc5 bxc5 12. Rd1 Qb6 13. Bxf6 gxf6 14. Rd2
Nc6 15. Qg4+ Kh8 16. Qh4 Kg7 17. Qg4+ Kh8 18. Qh4 Kg7 19. Qg4+ Kh8 1/2-1/2

[Event "Aeroflot Open 2015"]
[Site "Moscow RUS"]
[Date "2015.04.03"]
[Round "8"]
[White "Anton Guijarro, David"]
[Black "Rapport, Richard"]
[Result "1-0"]
[WhiteElo "2614"]
[BlackElo "2709"]
[PlyCount "97"]
[EventDate "2015.03.27"]

1. e4 c5 2. Nf3 a6 3. c3 e6 4. d4 d5 5. e5 Bd7 6. Be3 cxd4 7. cxd4 Bb5 8. Bxb5+
axb5 9. Nc3 b4 10. Ne2 Ne7 11. Ng3 Nec6 12. Nh5 Nd7 13. h4 h6 14. Qd3 Qa5 15.
O-O Qa6 16. Qb1 g6 17. Nf4 Kd8 18. a3 bxa3 19. bxa3 Nb6 20. Nd2 Be7 21. Nd3 Na4
22. Nf3 Nb6 23. Nd2 Na4 24. Nf3 Nb6 25. Nd2 g5 26. f4 Na4 27. Kh2 Rc8 28. Qb3
b5 29. Rab1 Rb8 30. Nb4 Nxb4 31. axb4 gxf4 32. Bxf4 Qa7 33. Qd3 Bxh4 34. Nb3
Bg5 35. Nc5 Qe7 36. Qh3 Rf8 37. Ra1 Ra8 38. Qd3 Rb8 39. Nxa4 bxa4 40. Rxa4 f5
41. exf6 Bxf4+ 42. Rxf4 Qc7 43. Qg3 Kc8 44. Ra5 Kb7 45. Rb5+ Ka6 46. Rc5 Qd6
47. b5+ Kb7 48. Rc6 Qd7 49. Qa3 1-0

[Event "Aeroflot Open 2015"]
[Site "Moscow RUS"]
[Date "2015.04.03"]
[Round "8"]
[White "Mamedyarov, Shakhriyar"]
[Black "Grigoriants, Sergey"]
[Result "1/2-1/2"]
[WhiteElo "2756"]
[BlackElo "2573"]
[PlyCount "57"]
[EventDate "2015.03.27"]

1. d4 Nf6 2. c4 e6 3. Nc3 Bb4 4. f3 c5 5. d5 d6 6. e4 O-O 7. Bd3 Nbd7 8. Nge2
Ne5 9. Bg5 h6 10. Bh4 exd5 11. cxd5 c4 12. Bc2 Bc5 13. Bf2 Bxf2+ 14. Kxf2 Bd7
15. Qd4 b5 16. b4 a5 17. a3 Nh5 18. Rhf1 Qf6 19. Qd2 axb4 20. axb4 Rxa1 21.
Rxa1 Bh3 22. f4 Ng4+ 23. Kg1 Bxg2 24. Kxg2 Qh4 25. Qd4 Qxh2+ 26. Kf1 Nxf4 27.
Qg1 Qh3+ 28. Ke1 Nh2 29. Kd1 1/2-1/2

[Event "Aeroflot Open 2015"]
[Site "Moscow RUS"]
[Date "2015.04.03"]
[Round "8"]
[White "Vallejo Pons, Francisco"]
[Black "Mozharov, Mikhail"]
[Result "1-0"]
[WhiteElo "2708"]
[BlackElo "2555"]
[PlyCount "71"]
[EventDate "2015.03.27"]

1. d4 d5 2. c4 e6 3. Nc3 Nf6 4. Bg5 Be7 5. e3 h6 6. Bxf6 Bxf6 7. Nf3 O-O 8. Qd2
c5 9. cxd5 cxd4 10. Nxd4 exd5 11. Bb5 Qd6 12. O-O Be5 13. f4 Bf6 14. Ba4 Nc6
15. Nxc6 bxc6 16. Ne4 Qe6 17. Nxf6+ Qxf6 18. Rac1 Rb8 19. b3 Rb6 20. Qc3 Qf5
21. Bxc6 Ba6 22. Rfe1 Rc8 23. e4 Qxf4 24. exd5 Bb5 25. Qe3 Qb8 26. Bxb5 Rxc1
27. Qxc1 Rxb5 28. Qc6 Kf8 29. Rc1 Qb6+ 30. Kh1 g6 31. h3 Ra5 32. Qc8+ Kg7 33.
Qc3+ Kg8 34. Qc8+ Kg7 35. Qc3+ Kg8 36. Qd2 1-0

[Event "Aeroflot Open 2015"]
[Site "Moscow RUS"]
[Date "2015.04.03"]
[Round "8"]
[White "Bok, Benjamin"]
[Black "Inarkiev, Ernesto"]
[Result "1-0"]
[WhiteElo "2587"]
[BlackElo "2706"]
[PlyCount "123"]
[EventDate "2015.03.27"]

1. e4 c5 2. Nf3 Nc6 3. d4 cxd4 4. Nxd4 Qb6 5. Nb3 Nf6 6. Nc3 e6 7. Qe2 Qc7 8.
g4 h6 9. h4 a6 10. Bg2 g6 11. Be3 d6 12. f4 h5 13. g5 Ng4 14. Bg1 b5 15. Nd4
Na5 16. e5 Bb7 17. O-O-O Bxg2 18. Qxg2 Rd8 19. Nf3 Nc4 20. Qe2 Bg7 21. Ne4 dxe5
22. Rxd8+ Kxd8 23. b3 Nb6 24. fxe5 Nd5 25. Bd4 Nxe5 26. Rd1 Rg8 27. Nc3 Nxf3
28. Nxd5 exd5 29. Qxf3 Bxd4 30. Rxd4 Re8 31. Qf6+ Kc8 32. Qxa6+ Qb7 33. Qxb7+
Kxb7 34. Rxd5 Kc6 35. Rd4 Re1+ 36. Kd2 Rf1 37. a4 Kc5 38. c3 bxa4 39. Rxa4 Rf2+
40. Ke3 Rb2 41. Rc4+ Kd5 42. Rd4+ Ke5 43. b4 f5 44. gxf6 Kxf6 45. Kf4 Rg2 46.
b5 Ke6 47. b6 g5+ 48. Kf3 Rc2 49. Rb4 Rxc3+ 50. Ke2 Rc2+ 51. Kd3 Rc8 52. b7 Rb8
53. hxg5 Kf5 54. Rb5+ Kg4 55. Ke2 h4 56. Kf2 Kh5 57. Kg2 Kg6 58. Kh2 h3 59.
Kxh3 Kh5 60. Kg3 Kg6 61. Kf4 Kh5 62. Rb6 1-0

[Event "The USA Championship 2015"]
[Site "Saint Louis USA"]
[Date "2015.04.03"]
[Round "3"]
[White "So, Wesley"]
[Black "Sevian, Samuel"]
[Result "0-1"]
[WhiteElo "2788"]
[BlackElo "2531"]
[PlyCount "82"]
[EventDate "2015.04.01"]

1. Nf3 d5 2. d4 Nf6 3. c4 e6 4. Nc3 c6 5. e3 Nbd7 6. Qc2 Bd6 7. Bd3 O-O 8. O-O
dxc4 9. Bxc4 b5 10. Bd3 Bb7 11. a3 Rc8 12. Ng5 c5 13. Bxh7+ Kh8 14. f4 g6 15.
Bxg6 fxg6 16. Nxb5 Qe7 17. Qxg6 Bb8 18. dxc5 Rxc5 19. Nd4 Rg8 20. Qh6+ Nh7 21.
e4 Ndf6 22. b4 Rcxg5 23. fxg5 Be5 24. Bb2 Ng4 25. Qh5 Qxg5 26. Qh3 Qe3+ 27.
Qxe3 Nxe3 28. Rf2 Ng5 29. Kh1 Nc4 30. Bc3 Nxe4 31. Rf7 Nxc3 32. Rxb7 Bxd4 33.
Rf1 Rg7 34. Rb8+ Kh7 35. g3 e5 36. Rff8 Ne3 37. h4 Ne4 38. Rh8+ Kg6 39. h5+ Kg5
40. h6 Rf7 41. h7 Rf1+ 0-1

[Event "The USA Championship 2015"]
[Site "Saint Louis USA"]
[Date "2015.04.03"]
[Round "3"]
[White "Holt, Conrad"]
[Black "Robson, Ray"]
[Result "0-1"]
[WhiteElo "2530"]
[BlackElo "2656"]
[PlyCount "72"]
[EventDate "2015.04.01"]

1. d4 Nf6 2. c4 g6 3. Nc3 d5 4. Nf3 Bg7 5. Qb3 dxc4 6. Qxc4 O-O 7. e4 a6 8. e5
b5 9. Qb3 Nfd7 10. Ng5 c5 11. e6 cxd4 12. Nce4 Nf6 13. exf7+ Kh8 14. Bd3 Nc6
15. h4 Ne5 16. h5 gxh5 17. Bf4 Nxd3+ 18. Qxd3 Bf5 19. g4 Nxe4 20. gxf5 Nxg5 21.
Bxg5 Qd5 22. Kd2 Qxf7 23. Rae1 Qxf5 24. Rxh5 Qxd3+ 25. Kxd3 Rf3+ 26. Ke2 Raf8
27. Bxe7 Rxf2+ 28. Kd3 R8f3+ 29. Ke4 Rf7 30. Kd5 d3 31. Bb4 d2 32. Rd1 Bxb2 33.
Rg5 h6 34. Rh5 Kh7 35. Ke6 R2f6+ 36. Kd5 Rd7+ 0-1

[Event "The USA Championship 2015"]
[Site "Saint Louis USA"]
[Date "2015.04.03"]
[Round "3"]
[White "Onischuk, Alexander"]
[Black "Troff, Kayden W"]
[Result "1/2-1/2"]
[WhiteElo "2665"]
[BlackElo "2532"]
[PlyCount "116"]
[EventDate "2015.04.01"]

1. d4 Nf6 2. c4 g6 3. Nc3 d5 4. Nf3 Bg7 5. cxd5 Nxd5 6. e4 Nxc3 7. bxc3 c5 8.
Be3 Qa5 9. Qd2 O-O 10. Rc1 Rd8 11. d5 e6 12. Bg5 f6 13. Be3 Nc6 14. Bd3 b6 15.
O-O Ba6 16. Be2 Qa4 17. Rfd1 Bc4 18. Bxc4 Qxc4 19. Nd4 Nxd4 20. cxd4 Qa4 21.
dxc5 Qxe4 22. d6 bxc5 23. d7 Bf8 24. Bxc5 Rab8 25. Bxf8 Kxf8 26. h3 Qb4 27.
Qh6+ Kg8 28. Qe3 Qb6 29. Qe4 e5 30. Rc6 Qb5 31. Qc2 Kg7 32. Rc8 Qb7 33. Rxb8
Qxb8 34. Qc5 Kf7 35. Qc4+ Ke7 36. Qc5+ Ke6 37. Qd5+ Ke7 38. f4 exf4 39. Re1+
Kf8 40. Re6 Kg7 41. Qd4 Qb1+ 42. Kh2 Qf5 43. Re7+ Kh6 44. Qxa7 Qg5 45. Qd4 Qg3+
46. Kg1 f3 47. Qf2 Qg5 48. h4 Qf4 49. gxf3 f5 50. Kg2 Qd6 51. Qe3+ f4 52. Re6
Qc7 53. Qe5 Qxe5 54. Rxe5 Rxd7 55. a4 Rd3 56. Re7 Ra3 57. Ra7 g5 58. hxg5+ Kxg5
1/2-1/2

[Event "The USA Championship 2015"]
[Site "Saint Louis USA"]
[Date "2015.04.03"]
[Round "3"]
[White "Akobian, Varuzhan"]
[Black "Gareev, Timur"]
[Result "1/2-1/2"]
[WhiteElo "2622"]
[BlackElo "2604"]
[PlyCount "69"]
[EventDate "2015.04.01"]

1. d4 d6 2. Nf3 h6 3. e4 g5 4. Bc4 Bg7 5. Nc3 Nc6 6. d5 Ne5 7. Nxe5 Bxe5 8. h4
g4 9. Be3 c5 10. Qd2 Nf6 11. Bf4 Bd4 12. Be3 Be5 13. Bf4 Bd4 14. Bd3 Qb6 15.
Rb1 Nh5 16. Be3 g3 17. O-O Bd7 18. Bxd4 cxd4 19. Ne2 gxf2+ 20. Rxf2 Nf6 21.
Rxf6 exf6 22. Qf4 O-O-O 23. Qxf6 Rhg8 24. Qxd4 Qxd4+ 25. Nxd4 Rg4 26. Rf1 Rdg8
27. Rf2 Rxh4 28. Rxf7 Bh3 29. Bf1 Bd7 30. Nf5 Bxf5 31. exf5 Rf4 32. Bd3 Rfg4
33. Bf1 Rf4 34. Bd3 Rfg4 35. Bf1 1/2-1/2

[Event "The USA Championship 2015"]
[Site "Saint Louis USA"]
[Date "2015.04.03"]
[Round "3"]
[White "Naroditsky, Daniel"]
[Black "Shankland, Samuel L"]
[Result "1/2-1/2"]
[WhiteElo "2633"]
[BlackElo "2661"]
[PlyCount "73"]
[EventDate "2015.04.01"]

1. d4 Nf6 2. c4 g6 3. Nc3 d5 4. cxd5 Nxd5 5. e4 Nxc3 6. bxc3 Bg7 7. Nf3 c5 8.
Rb1 O-O 9. Be2 cxd4 10. cxd4 Qa5+ 11. Bd2 Qxa2 12. O-O b6 13. Qc1 Bb7 14. Bc4
Qa4 15. Bb5 Qa2 16. Bc4 Qa4 17. Bb5 Qa2 18. Re1 Rc8 19. Qd1 Rc2 20. Bd3 Rc8 21.
h4 Qe6 22. h5 Qg4 23. hxg6 hxg6 24. Qb3 Nc6 25. Bc4 Nxd4 26. Bxf7+ Kh7 27. Nxd4
Bxd4 28. Be6 Qh4 29. Bxc8 Qxf2+ 30. Kh1 Bxc8 31. Be3 Qh4+ 32. Kg1 Be5 33. Qf7+
Kh8 34. Qf8+ Kh7 35. Qf7+ Kh8 36. Qf8+ Kh7 37. Qf7+ 1/2-1/2

[Event "Aeroflot Open 2015"]
[Site "Moscow RUS"]
[Date "2015.04.04"]
[Round "9"]
[White "Bukavshin, Ivan"]
[Black "Nepomniachtchi, Ian"]
[Result "1/2-1/2"]
[WhiteElo "2618"]
[BlackElo "2714"]
[PlyCount "51"]
[EventDate "2015.03.27"]

1. d4 Nf6 2. c4 g6 3. Nc3 d5 4. cxd5 Nxd5 5. e4 Nxc3 6. bxc3 Bg7 7. Nf3 c5 8.
Be3 Qa5 9. Qd2 Nc6 10. Rc1 cxd4 11. cxd4 Qxd2+ 12. Kxd2 O-O 13. Bc4 Rd8 14.
Rhd1 Bxd4 15. Nxd4 Nxd4 16. Ke1 e5 17. Bxd4 exd4 18. Bd5 Rd6 19. Rxd4 Be6 20.
Rc7 Re8 21. Kd2 Ra6 22. Ke3 Bxd5 23. Rxd5 Ra3+ 24. Rd3 Ra4 25. Rd4 Ra3+ 26. Rd3
1/2-1/2

[Event "Aeroflot Open 2015"]
[Site "Moscow RUS"]
[Date "2015.04.04"]
[Round "9"]
[White "Sethuraman, S.P."]
[Black "Korobov, Anton"]
[Result "1/2-1/2"]
[WhiteElo "2623"]
[BlackElo "2694"]
[PlyCount "67"]
[EventDate "2015.03.27"]

1. e4 c5 2. Nf3 e6 3. d4 cxd4 4. Nxd4 Nc6 5. Nc3 Qc7 6. Be3 Nf6 7. Qd2 a6 8.
O-O-O Be7 9. f4 b5 10. e5 b4 11. exf6 bxc3 12. Qxc3 Bxf6 13. g4 Bb7 14. g5 Bxd4
15. Rxd4 O-O 16. Rg1 Rac8 17. Rd2 d5 18. Rg4 Rfd8 19. Bd4 Nxd4 20. Qxd4 a5 21.
Rg3 Qd6 22. Rb3 Ba6 23. Rb6 Rc6 24. Rxc6 Qxc6 25. Bxa6 Qxa6 26. b3 Rc8 27. a4
g6 28. Kb2 Qc6 29. h4 Qb7 30. Qf6 Qc7 31. Qe5 Qc5 32. Qd4 Qc7 33. Qe5 Qc5 34.
Qd4 1/2-1/2

[Event "Aeroflot Open 2015"]
[Site "Moscow RUS"]
[Date "2015.04.04"]
[Round "9"]
[White "Khalifman, Alexander"]
[Black "Mamedyarov, Shakhriyar"]
[Result "1/2-1/2"]
[WhiteElo "2613"]
[BlackElo "2756"]
[PlyCount "26"]
[EventDate "2015.03.27"]

1. d4 d5 2. c4 e6 3. Nf3 Nf6 4. Nc3 c5 5. cxd5 cxd4 6. Qxd4 exd5 7. e4 Nc6 8.
Bb5 dxe4 9. Qxd8+ Kxd8 10. Ng5 Be6 11. Nxe6+ fxe6 12. Bxc6 bxc6 13. Bg5 Kc7
1/2-1/2

[Event "Aeroflot Open 2015"]
[Site "Moscow RUS"]
[Date "2015.04.04"]
[Round "9"]
[White "Potkin, Vladimir"]
[Black "Vallejo Pons, Francisco"]
[Result "1/2-1/2"]
[WhiteElo "2605"]
[BlackElo "2708"]
[PlyCount "33"]
[EventDate "2015.03.27"]

1. d4 Nf6 2. c4 e6 3. Nf3 d5 4. Nc3 Bb4 5. cxd5 exd5 6. Bg5 h6 7. Bh4 c5 8.
dxc5 Nbd7 9. e3 Qa5 10. Qd4 Bxc5 11. Qd2 Bb4 12. Bxf6 Nxf6 13. Rc1 Bd7 14. a3
Bxc3 15. Qxc3 Qxc3+ 16. Rxc3 Ke7 17. Bd3 1/2-1/2

[Event "Aeroflot Open 2015"]
[Site "Moscow RUS"]
[Date "2015.04.04"]
[Round "9"]
[White "Inarkiev, Ernesto"]
[Black "Svane, Rasmus"]
[Result "0-1"]
[WhiteElo "2706"]
[BlackElo "2509"]
[PlyCount "66"]
[EventDate "2015.03.27"]

1. e4 e6 2. d4 d5 3. Nc3 Nf6 4. e5 Nfd7 5. f4 c5 6. Nf3 Be7 7. Be3 b6 8. h4 Nc6
9. Ne2 O-O 10. c3 Ba6 11. g3 Rc8 12. Kf2 Qc7 13. Rc1 Qb7 14. Kg1 b5 15. dxc5 b4
16. cxb4 Qxb4 17. Qc2 d4 18. Nexd4 Nxd4 19. Nxd4 Bxf1 20. Rxf1 Bxc5 21. Qf2 Nb6
22. Nc2 Qc4 23. Bxc5 Rxc5 24. Rh2 Rfc8 25. Ne3 Qxa2 26. h5 Nd5 27. h6 Rc1 28.
Nxd5 Qxd5 29. hxg7 Qd3 30. Rg2 Qb1 31. f5 Rxf1+ 32. Qxf1 Rc1 33. Rf2 exf5 0-1